| 000 | 00602nam a22002057a 4500 | ||
|---|---|---|---|
| 003 | OSt | ||
| 005 | 20170110190218.0 | ||
| 008 | 170110b xxu||||| |||| 00| 0 eng d | ||
| 020 | _a9780415804912 | ||
| 040 | _cDDC | ||
| 082 | _a338.927 KJE 2008 | ||
| 100 |
_aKjellen, Bo _911379 |
||
| 245 | _aA New Diplomacy for Sustainable Development: the challenge of global change | ||
| 260 | _aNew York; Routledge, 2008 | ||
| 300 | _axix, 186p; ill: 23cm | ||
| 504 | _aNotes, bibliography, & index included | ||
| 650 |
_aDiplomacy _911380 |
||
| 650 |
_aSustainable development _91103 |
||
| 942 |
_2ddc _cO_SHELF |
||
| 999 |
_c5445 _d5445 |
||